Presidents of Lebanon - Statistics

General Stats
  • This quiz has been taken 17 times
  • The average score is 10 of 18
Answer Stats
Years Served Answer % Correct
(Acting) 1988 - 1990 Michel Aoun
100%
2016 - 2022 Michel Aoun
100%
2025 - Present Joseph Aoun
92%
1982 Bachir Gemayel
85%
1998 - 2007 Émile Lahoud
77%
1952 - 1958 Camille Chamoun
69%
(Acting) 1952 Fouad Chehab
62%
1958 - 1964 Fouad Chehab
62%
1982 - 1988 Amine Gemayel
54%
1943 - 1952 Bechara Khoury
54%
1989 - 1998 Elias Hrawi
46%
2008 - 2014 Michel Suleiman
38%
1964 - 1970 Charles Helou
31%
1976 - 1982 Élias Sarkis
31%
(Acting) 1943 Émile Eddé
31%
1989 René Moawad
31%
1970 - 1976 Suleiman Frangieh
31%
(Acting) 1988 - 1989 Salim Al-Huss
0%
No matching quizzes found
Score Distribution
Percent of People with Each Score
Percentile by Number Answered
Your Score History
You have not taken this quiz